Eladó kártéritési [!kártérítési] igénye ingatlan vételügylet nem teljesítéséből

Elmentve itt :
Bibliográfiai részletek
Szerző: Beck Salamon
Dokumentumtípus: Cikk
Megjelent: 1929
Sorozat:Polgári jog : a hazai és külföldi magánjog és hiteljog szemléje 5
Kulcsszavak:Kötelmi jog kártérítés
Online Access:http://misc.bibl.u-szeged.hu/5010
LEADER 00667nab a2200169 i 4500
001 misc5010
005 20191106142745.0
008 170607s1929 hu o 0|| hun d
040 |a SZTE Miscellanea Repozitórium  |b hun 
041 |a hun 
100 1 |a Beck Salamon 
245 1 0 |a Eladó kártéritési [!kártérítési] igénye ingatlan vételügylet nem teljesítéséből  |h [elektronikus dokumentum] /  |c  Beck Salamon 
260 |c 1929 
300 |a 35-37a 
490 0 |a Polgári jog : a hazai és külföldi magánjog és hiteljog szemléje  |v 5 
695 |a Kötelmi jog kártérítés 
856 4 0 |u http://misc.bibl.u-szeged.hu/5010/1/polgari_jog_1929_035-037a.pdf  |z Dokumentum-elérés